000
00334nam a2200145 a 4500
008
990309s1973||||xx 0 und c
040
_a
SNK
_b
slo
_c
SNK
_e
AACR2
100
1
_a
Lászlová, Karin
245
1
0
_a
Skalpel a krása
260
_a
Martin
_b
Osveta
_c
1973
300
_a
180 s.
044
_a
xo
_c
SK
041
_a
slo
020
_c
15
999
_c
12147
_d
12147